[Event "34th Chess Olympiad (men)"]
[Site "Istanbul"]
[Date "2000.10.30"]
[Round "3.32.1"]
[White "Giaccio, Alfredo"]
[Black "Mas, Hafizul Hilmi"]
[WhiteElo "2505"]
[BlackElo "2441"]
[WhiteCountry "ARG"]
[BlackCountry "MAS"]
[Result "1/2-1/2"]

1. e4 c5 2. Nf3 d6 3. Bc4 e6 4. O-O Nf6 5. Re1 a6 6. d3 Be7 7. Bb3 b6 8. c3 Bb7 
9. Nbd2 Qc7 10. Nf1 Nbd7 11. Ng3 h6 12. d4 O-O-O 13. d5 e5 14. a4 g6 
15. Bc4 Kb8 16. Qe2 Ka7 17. b4 Rc8 18. Nd2 h5 19. Bd3 h4 20. Ngf1 Nh5 
21. Nc4 Nf4 22. Bxf4 exf4 23. h3 Bf6 24. Ra3 Rce8 25. Qd1 Kb8 26. Rb3 Ka7 
27. bxc5 bxc5 28. Qd2 Ne5 29. Reb1 Bc8 30. Qxf4 Bg7 31. Be2 Bh6 32. Qf6 Nxc4 
33. Bxc4 Rh7 34. Rb6 Bf8 35. Rc6 Qd7 36. Qf4 f5 37. exf5 Qxf5 38. Qxf5 gxf5 
39. Ne3 Rf7 40. Be2 Rb7 41. Rxa6+ Kb8 42. Bb5 Re4 43. a5 f4 44. Ng4 Ra4 
45. Nf6 Bf5 46. Bxa4 Rxb1+ 47. Kh2 Kb7 48. Rc6 f3 49. gxf3 Bd3 50. Nd7 Bh6 
51. Rb6+ Ka7 52. Rxb1 Bxb1 53. Bb5 Bg7 54. c4 Bc3 55. a6 Bg7 56. Kg2 Bf5 
1/2-1/2

[Event "34th Chess Olympiad (men)"]
[Site "Istanbul"]
[Date "2000.10.30"]
[Round "3.32.2"]
[White "Mok, Tze-Meng"]
[Black "Hoffman, Alejandro"]
[WhiteElo "2308"]
[BlackElo "2491"]
[WhiteCountry "MAS"]
[BlackCountry "ARG"]
[Result "1/2-1/2"]

1. e4 c5 2. Nf3 g6 3. c3 Bg7 4. d4 cxd4 5. cxd4 d5 6. exd5 Nf6 7. Bb5+ Nbd7 
8. Nc3 O-O 9. d6 exd6 10. O-O Nb6 11. Re1 h6 12. h3 Be6 13. Qc2 Nfd5 14. a3 Rc8 
15. Bd3 Qd7 16. Bd2 Nxc3 17. bxc3 Rc7 18. a4 Rfc8 19. a5 Nd5 20. c4 b5 
21. axb6ep Nxb6 22. Ba5 Bxc4 23. Bxc4 Rxc4 24. Qe4 Qc6 25. Qe7 Nd5 26. Qe4 a6 
27. Bd2 Nc7 28. Qh4 Nb5 29. Be3 d5 30. Red1 Nd6 31. g4 g5 32. Qg3 Ne4 
33. Qg2 Qe6 34. Ra5 R8c6 35. h4 f6 36. Rb1 Bf8 37. hxg5 hxg5 38. Qh3 Rb4 
39. Rba1 Rb7 40. Qh5 Bb4 41. R5a4 a5 42. Kg2 Rh7 43. Qg6+ Kh8 44. Nh2 Rc8 
45. Rxa5 Bxa5 46. Rxa5 Rg8 47. Qf5 Qxf5 48. gxf5 Rd7 49. Ng4 Kg7 50. f3 Nc3 
51. Rc5 Ne2 52. Rc2 Nf4+ 53. Bxf4 gxf4 54. Rc6 Rf8 55. Nf2 Ra7 56. Nd3 Kh6 
57. Nxf4 Rg8+ 58. Kf2 Ra2+ 59. Ke3 Ra3+ 60. Kf2 Ra2+ 61. Ke3 Ra3+ 62. Kf2 Kg5 
63. Nxd5 Rd8 64. Nxf6 Rxd4 65. Ne4+ Kf4 66. Nc3 Ke5 
1/2-1/2

[Event "34th Chess Olympiad (men)"]
[Site "Istanbul"]
[Date "2000.10.30"]
[Round "3.32.3"]
[White "Soppe, Guillermo"]
[Black "Wong, Zi Jing"]
[WhiteElo "2471"]
[BlackElo "2300"]
[WhiteCountry "ARG"]
[BlackCountry "MAS"]
[Result "1-0"]

1. d4 Nf6 2. Nf3 c5 3. e3 b6 4. Be2 Bb7 5. O-O g6 6. a4 cxd4 7. exd4 Bg7 
8. a5 bxa5 9. Nbd2 Nc6 10. Nb3 d5 11. Bd2 O-O 12. Nxa5 Nxa5 13. Bxa5 Qd6 
14. c3 Rfe8 15. Bb4 Qc7 16. Ra5 Nd7 17. Qd2 e5 18. Rfa1 e4 19. Ne1 Bc6 
20. Nc2 Nb6 21. Bc5 Re6 22. b4 f5 23. b5 Bb7 24. Rxa7 Rae8 25. Qd1 f4 
26. Bg4 Rf6 27. Nb4 Qb8 28. Bxb6 Rxb6 29. Bd7 Rf8 30. Bc6 Bxc6 31. bxc6 e3 
32. Nxd5 exf2+ 33. Kh1 f3 34. gxf3 Rxf3 35. Qxf3 Rb1+ 36. Kg2 f1Q+ 
37. Qxf1 Rb2+ 38. Kf3 Qxh2 39. Ra8+ Bf8 40. Rxf8+ Kxf8 41. Ke3+ Kg7 
42. Qf6+ Kh6 43. Qf4+ 
1-0

[Event "34th Chess Olympiad (men)"]
[Site "Istanbul"]
[Date "2000.10.30"]
[Round "3.32.4"]
[White "Ismail, Ahmad"]
[Black "Bertona, Fernando"]
[WhiteElo "2068"]
[BlackElo "2405"]
[WhiteCountry "MAS"]
[BlackCountry "ARG"]
[Result "0-1"]

1. d4 d5 2. g3 Nf6 3. Bg2 c5 4. c3 e6 5. Nf3 Nc6 6. O-O Bd6 7. Bg5 h6 
8. Bxf6 Qxf6 9. Na3 O-O 10. Nc2 Rd8 11. Ne3 Qe7 12. Qd2 Bd7 13. Rad1 b5 
14. Ng4 Be8 15. Qe3 f6 16. Qd3 Rab8 17. Ne3 c4 18. Qd2 b4 19. Ne1 bxc3 
20. bxc3 Rb5 21. f4 f5 22. g4 g6 23. gxf5 gxf5 24. Rf3 Kh7 25. Nf1 Rdb8 
26. Ng3 Rb2 27. Qe3 Rxa2 28. Rf2 Rab2 29. Bh3 Bg6 30. Rg2 a5 31. Ra1 Rb1 
32. Rxb1 Rxb1 33. Kf2 a4 34. Rg1 a3 35. Nc2 Rb2 36. Na1 Nd8 37. Kg2 Qh4 
38. Rf1 Qe7 39. Rc1 a2 40. Rc2 Rxc2 41. Nxc2 Qb7 
0-1

[Event "34th Chess Olympiad (men)"]
[Site "Istanbul"]
[Date "2000.10.30"]
[Round "3.33.4"]
[White "Wynn, Zaw Htun"]
[Black "Simonsen, Olavur"]
[WhiteElo "2434"]
[BlackElo "2183"]
[WhiteCountry "MYA"]
[BlackCountry "FAI"]
[Result "1/2-1/2"]

1. e4 e5 2. Nf3 Nc6 3. d4 exd4 4. Nxd4 Qh4 5. Nc3 Bb4 6. Nb5 Ba5 7. Be2 a6 
8. Nd4 Qxe4 9. Nxc6 Qxc6 10. O-O Bxc3 11. Bf3 Qf6 12. bxc3 Ne7 13. Rb1 O-O 
14. Ba3 Rb8 15. Re1 d6 16. c4 Be6 17. c5 Nf5 18. Rxb7 Nd4 19. Be4 d5 
20. Rxb8 Rxb8 21. Bd3 Bf5 22. Bxf5 Nxf5 23. Qxd5 Qc3 24. Rd1 g6 25. Qd3 Nd4 
26. Kf1 Qa5 27. Qxd4 Qxa3 28. Qc4 Qb2 29. c6 Rb4 30. Qc5 Rb5 31. Rd8+ Kg7 
32. Qf8+ Kf6 33. Qh8+ Kf5 34. Qxb2 Rxb2 35. Rd7 Ke6 36. Rxc7 Rxc2 37. a4 Rc4 
38. a5 Rc5 39. Ra7 Rxc6 
1/2-1/2

[Event "34th Chess Olympiad (men)"]
[Site "Istanbul"]
[Date "2000.10.30"]
[Round "3.34.1"]
[White "Bamualem, Abdullah"]
[Black "Wong, Meng-Kong"]
[WhiteElo "2000"]
[BlackElo "2507"]
[WhiteCountry "YEM"]
[BlackCountry "SIN"]
[Result "0-1"]

1. c4 Nf6 2. Nc3 e5 3. e4 d6 4. h3 g6 5. Nf3 Bg7 6. d3 O-O 7. Ne2 a6 8. Ng3 b5 
9. b3 c6 10. Be2 Re8 11. O-O Nbd7 12. Be3 Nf8 13. Qd2 Ne6 14. Rad1 Bb7 
15. Qc2 Qe7 16. Rfe1 c5 17. Nh2 h5 18. Nf3 Nh7 19. Qc1 Qf6 20. Nh2 b4 
21. Bxh5 gxh5 22. Nxh5 Qg6 23. Ng3 Kh8 24. Ng4 Rad8 25. Nf5 Bc8 26. Nxg7 Nxg7 
27. f3 f5 28. exf5 Bxf5 29. Qd2 Bc8 30. Qf2 Nf5 31. Bc1 Nf6 32. Nxf6 Qxf6 
33. Re4 Bb7 34. Rg4 Rg8 35. Kh2 Rd7 36. Rxg8+ Kxg8 37. Qd2 Rg7 38. Rg1 Qh4 
39. g4 Nd4 
0-1

[Event "34th Chess Olympiad (men)"]
[Site "Istanbul"]
[Date "2000.10.30"]
[Round "3.34.2"]
[White "Hsu, Li Yang"]
[Black "Faraj, Yahya"]
[WhiteElo "2440"]
[BlackElo "2265"]
[WhiteCountry "SIN"]
[BlackCountry "YEM"]
[Result "1-0"]

1. d4 f5 2. g3 Nf6 3. Bg2 g6 4. b3 Bg7 5. Bb2 O-O 6. Nd2 d5 7. Nh3 c6 
8. O-O Qe8 9. c4 h6 10. cxd5 cxd5 11. Nf4 e6 12. Ba3 Nc6 13. e3 Bd7 14. Rc1 g5 
15. Nd3 Rf7 16. Nf3 Ne4 17. Nfe5 Nxe5 18. dxe5 g4 19. Bb2 Bb5 20. a4 Ba6 
21. Re1 Bxd3 22. Qxd3 Ng5 23. h4 gxh3 24. Bh1 Bf8 25. f4 Ne4 26. Bxe4 dxe4 
27. Qb5 Rd7 28. Bd4 Qg6 29. Kh2 Rg7 30. Rg1 Kh7 31. Qf1 Qg4 32. Rc2 a6 
33. Qxh3 Qxh3+ 34. Kxh3 Ba3 35. Rc4 Bf8 36. Rg2 Re8 37. Rgc2 Be7 38. Rc8 Rxc8 
39. Rxc8 Bb4 40. Re8 Re7 41. Rc8 Rg7 42. Re8 Re7 43. Rf8 Rg7 44. Rc8 Re7 
45. g4 fxg4+ 46. Kxg4 Rg7+ 47. Kh5 Rf7 48. Re8 Re7 49. Rf8 Kg7 50. Rf6 Re8 
51. f5 Rf8 52. Rg6+ Kf7 53. Rxe6 Rd8 54. Rg6 Bf8 55. e6+ Ke8 56. f6 Rd5+ 
57. Kg4 
1-0

[Event "34th Chess Olympiad (men)"]
[Site "Istanbul"]
[Date "2000.10.30"]
[Round "3.34.3"]
[White "Al, Hadarani Hatim"]
[Black "Chan, Peng-Kong"]
[WhiteElo "2374"]
[BlackElo "2395"]
[WhiteCountry "YEM"]
[BlackCountry "SIN"]
[Result "1/2-1/2"]

1. d4 Nf6 2. Nf3 e6 3. g3 c5 4. Bg2 Nc6 5. O-O d5 6. b3 Be7 7. Bb2 O-O 8. e3 b6 
9. Ne5 Bb7 10. Nd2 Rc8 11. a3 Qc7 12. Rc1 Rfd8 13. Qe2 Qb8 14. f4 Rc7 
15. g4 Qc8 16. g5 Ne4 17. Nxe4 dxe4 18. Bxe4 Nxe5 19. Bxb7 Qxb7 20. dxe5 Rcd7 
21. Rcd1 Qe4 22. Kf2 c4 23. b4 a5 24. Bc3 axb4 25. axb4 h6 26. h4 g6 
27. Ra1 hxg5 28. hxg5 Bxg5 29. fxg5 Qh4+ 30. Kf3 Qh5+ 31. Kf2 Qh4+ 32. Kf3 Qh5+ 
33. Kf2 Qh4+ 
1/2-1/2

[Event "34th Chess Olympiad (men)"]
[Site "Istanbul"]
[Date "2000.10.30"]
[Round "3.34.4"]
[White "Ong, Chong-Ghee"]
[Black "Al Badani, Abdo"]
[WhiteElo "2342"]
[BlackElo "2000"]
[WhiteCountry "SIN"]
[BlackCountry "YEM"]
[Result "1-0"]

1. d4 d5 2. Nf3 Nf6 3. c4 dxc4 4. Nc3 c5 5. e4 cxd4 6. Nxd4 e5 7. Nf3 Qxd1+ 
8. Kxd1 Ng4 9. Be3 Nxe3+ 10. fxe3 Nc6 11. Nb5 Rb8 12. Bxc4 Bg4 13. Ke2 Rc8 
14. h3 Bh5 15. g4 Bg6 16. Bd5 a6 17. Na3 f6 18. Rac1 Bxa3 19. bxa3 Ke7 
20. Nh4 Na5 21. Nf5+ Bxf5 22. gxf5 g5 23. a4 h5 24. Kf3 h4 25. Rb1 Rhd8 
26. Rb6 Rd6 27. Rhb1 Rcd8 28. R6b4 Rb8 29. Rb6 Rbd8 30. R6b2 Rb8 31. Rc1 Kd7 
32. Be6+ Kd8 33. Bd5 Kd7 34. Rc5 Nc6 35. Kg4 b6 36. Rc3 b5 37. Rc5 Ne7 
38. Be6+ Kd8 39. Kh5 Rc6 40. Rd2+ Kc7 41. Rd7+ Kb6 42. Rxc6+ Nxc6 43. Bd5 Rh8+ 
44. Kg4 Nb4 45. Rd6+ Ka5 46. Rxf6 Nc2 47. Kxg5 Nxe3 48. Re6 Nd1 49. Rh6 Rd8 
50. f6 Nf2 51. Rxh4 Kb6 52. axb5 axb5 53. f7 Kc7 54. Kf6 Kd6 55. Rh6 Nd3 
56. Kg7+ Ke7 57. Re6+ 
1-0

[Event "34th Chess Olympiad (men)"]
[Site "Istanbul"]
[Date "2000.10.30"]
[Round "3.35.1"]
[White "Williams, Leighton"]
[Black "Tissir, Mohamed"]
[WhiteElo "2317"]
[BlackElo "2342"]
[WhiteCountry "WLS"]
[BlackCountry "MAR"]
[Result "1-0"]

1. d4 d5 2. c4 c6 3. Nf3 Nf6 4. Nc3 dxc4 5. a4 Bf5 6. Nh4 Bc8 7. Nf3 Bf5 
8. e3 e6 9. Bxc4 Bb4 10. O-O O-O 11. Nh4 Bg6 12. Nxg6 hxg6 13. Qb3 Qe7 
14. Rd1 Rd8 15. Na2 Bd6 16. Nc3 Bb4 17. Na2 Bd6 18. Nc3 c5 19. dxc5 Bxc5 
20. Rxd8+ Qxd8 21. Qxb7 Nbd7 22. Qb3 Rb8 23. Qc2 Qc7 24. Be2 Bd6 25. g3 Nd5 
26. Bd2 Be5 27. Rc1 Nxc3 28. Bxc3 Bxc3 29. Qxc3 Qxc3 30. Rxc3 Rxb2 31. Bb5 Ne5 
32. h3 g5 33. g4 Ra2 34. Rc8+ Kh7 35. Ra8 Nf3+ 36. Kg2 Nh4+ 37. Kf1 Ra1+ 
38. Ke2 Ra2+ 39. Kd3 Rxf2 40. Rxa7 f5 41. Rc7 Ra2 42. Rc2 Ra3+ 43. Kc4 Nf3 
44. Kb4 Rxe3 45. Rc3 Re4+ 46. Kc5 Nd4 47. Bd3 Nb3+ 48. Kb5 Re5+ 49. Kb6 Nd4 
50. a5 Rd5 51. a6 Rd6+ 52. Kb7 Rd7+ 53. Rc7 Rxc7+ 54. Kxc7 
1-0

[Event "34th Chess Olympiad (men)"]
[Site "Istanbul"]
[Date "2000.10.30"]
[Round "3.35.2"]
[White "Onkoud, Abdelaziz"]
[Black "Dineley, Richard"]
[WhiteElo "2309"]
[BlackElo "2273"]
[WhiteCountry "MAR"]
[BlackCountry "WLS"]
[Result "0-1"]

1. d4 Nf6 2. c4 e6 3. Nf3 b6 4. g3 Ba6 5. Qa4 Bb7 6. Bg2 c5 7. O-O cxd4 
8. Nxd4 Bxg2 9. Kxg2 Be7 10. Nc3 Qc8 11. Rd1 O-O 12. f3 Nc6 13. Be3 Qb7 
14. Rac1 a6 15. Bf2 Rac8 16. e4 d6 17. b3 Ne5 18. Nde2 Rfe8 19. Rd2 Ned7 
20. Rcd1 Nc5 21. Bxc5 Rxc5 22. Rd4 Ra5 23. e5 Rxa4 24. exf6 Bxf6 25. Nxa4 Bxd4 
26. Rxd4 Qc6 27. Nac3 h6 28. Kf2 b5 29. Kg2 bxc4 30. Rxc4 Qb6 31. g4 d5 
32. Rd4 Rc8 33. Rd3 d4 34. Na4 Qb5 35. Rd2 e5 36. Kf2 Qb4 
0-1

[Event "34th Chess Olympiad (men)"]
[Site "Istanbul"]
[Date "2000.10.30"]
[Round "3.35.3"]
[White "Varley, Peter"]
[Black "Bintafrit, Sameer"]
[WhiteElo "2257"]
[BlackElo "2285"]
[WhiteCountry "WLS"]
[BlackCountry "MAR"]
[Result "0-1"]

1. e4 c5 2. c3 d5 3. exd5 Qxd5 4. d4 g6 5. Nf3 Bg7 6. dxc5 Qxc5 7. Be2 Nf6 
8. Be3 Qc7 9. Na3 a6 10. Nc4 Nbd7 11. Bd4 O-O 12. O-O b5 13. Nce5 Nc5 
14. Nd3 Nxd3 15. Qxd3 Bf5 16. Qd1 Rfd8 17. Be5 Qc5 18. Bd4 Qc7 19. Be5 Qc5 
20. Bd4 Qc6 21. a4 Rab8 22. axb5 axb5 23. Ne5 Qd6 24. Qb3 Nd5 25. Nf3 Nf4 
26. Bd1 Bd3 27. Bxg7 Kxg7 28. Re1 Bc4 29. Qa3 Qxa3 30. bxa3 Nd5 31. Ne5 Nxc3 
32. Bf3 Bd5 33. Bxd5 Rxd5 34. Nc6 Ra8 35. Rxe7 Rxa3 36. Rae1 Rd6 37. Rc7 Nd5 
38. Rc8 Nb6 39. Rc7 Rc3 
0-1

[Event "34th Chess Olympiad (men)"]
[Site "Istanbul"]
[Date "2000.10.30"]
[Round "3.35.4"]
[White "Daoud, Mod Rabie"]
[Black "Jones, Richard S"]
[WhiteElo "2143"]
[BlackElo "2114"]
[WhiteCountry "MAR"]
[BlackCountry "WLS"]
[Result "1-0"]

1. Nf3 Nf6 2. d4 g6 3. g3 Bg7 4. Bg2 O-O 5. O-O d6 6. c4 Nbd7 7. b3 e5 
8. dxe5 dxe5 9. Bb2 Re8 10. Nxe5 Ng4 11. Nd3 Bxb2 12. Nxb2 Qf6 13. Qd2 Nc5 
14. Nc3 Bf5 15. h3 Ne5 16. Nba4 Nxa4 17. Nxa4 Rad8 18. Qb2 Qg5 19. Rad1 Rxd1 
20. Rxd1 Qh6 21. Qd2 g5 22. h4 f6 23. Nc3 c6 24. hxg5 fxg5 25. Qd6 Qh5 
26. Qf6 Bg6 27. Rd8 Ng4 28. Qe6+ Kg7 29. Rxe8 Bxe8 30. Qe7+ Bf7 31. Ne4 h6 
32. Nd6 Qg6 33. Be4 Qh5 34. Nf5+ Kg8 35. Qd8+ Be8 36. Qd4 Kf7 
1-0

[Event "34th Chess Olympiad (men)"]
[Site "Istanbul"]
[Date "2000.10.30"]
[Round "3.36.1"]
[White "Matthews, Shane"]
[Black "Elsness, Frode"]
[WhiteElo "2258"]
[BlackElo "2383"]
[WhiteCountry "JAM"]
[BlackCountry "NOR"]
[Result "1-0"]

1. e4 c5 2. Nf3 d6 3. d4 Nf6 4. Nc3 cd4 5. Nd4 a6 6. Bg5 e6 7. f4 Qb6 
8. Qd2 Qb2 9. Rb1 Qa3 10. Be2 Nc6 11. Nc6 bc6 12. O-O Be7 13. Kh1 Qa5 
14. Bd3 O-O 15. e5 Nd5 16. Be7 Ne7 17. ed6 Nd5 18. Ne4 Qd2 19. Nd2 Rd8 
20. c4 Nc3 21. c5 Nb1 22. Rb1 Bd7 23. Nc4 Rab8 24. Rb8 Rb8 25. Nb6 Bc8 
26. Kg1 Kf8 27. Be4 Rb6 28. cb6 Bb7 29. Bh7 Ke8 30. Bg8 c5 31. g4 Kd7 
32. Bf7 Kd6 33. Kf2 Bd5 34. f5 Ba2 35. Be6 Bb1 36. Ke3 Kc6 37. g5 Kb6 
38. h4 Kc6 39. h5 Kd6 40. h6 gh6 41. gh6 
1-0

[Event "34th Chess Olympiad (men)"]
[Site "Istanbul"]
[Date "2000.10.30"]
[Round "3.36.2"]
[White "Lie, Kjetil A"]
[Black "Pitterson, Jomo"]
[WhiteElo "2284"]
[BlackElo "2262"]
[WhiteCountry "NOR"]
[BlackCountry "JAM"]
[Result "1/2-1/2"]

1. e4 c5 2. Nf3 d6 3. d4 cxd4 4. Nxd4 Nf6 5. Nc3 a6 6. Bg5 e6 7. f4 Nbd7 
8. Qf3 Qc7 9. O-O-O b5 10. Bd3 Bb7 11. Rhe1 b4 12. Nb1 Be7 13. Nd2 Nc5 
14. Kb1 h6 15. Qh3 O-O-O 16. Bxf6 Bxf6 17. Qe3 Kb8 18. N2f3 Rc8 19. h4 Nxd3 
20. Qxd3 Qc4 21. g4 g6 22. Nb3 Qxd3 23. Rxd3 Rc4 24. Nfd2 Rc7 25. g5 hxg5 
26. hxg5 Be7 27. Nf3 Rhc8 28. Rd2 Rc4 29. Nbd4 Bd8 30. b3 Rc3 31. Nh2 Bb6 
32. Ne2 Rh3 33. Ng4 Bc5 34. Nf6 Bc6 
1/2-1/2

[Event "34th Chess Olympiad (men)"]
[Site "Istanbul"]
[Date "2000.10.30"]
[Round "3.36.4"]
[White "Gabrielsen, Stig"]
[Black "Rowe, Duane"]
[WhiteElo "2305"]
[BlackElo "2000"]
[WhiteCountry "NOR"]
[BlackCountry "JAM"]
[Result "1-0"]

1. e4 c5 2. Nf3 Nc6 3. d4 cd4 4. Nd4 Nf6 5. Nc3 e5 6. Ndb5 d6 7. Bg5 a6 
8. Na3 b5 9. Bf6 gf6 10. Nd5 f5 11. Bd3 Be6 12. O-O Bd5 13. ed5 Ne7 14. c3 Bg7 
15. Bc2 O-O 16. Qh5 e4 17. Rad1 Qc8 18. Rfe1 Ng6 19. Re3 Re8 20. Rde1 Re5 
21. Qd1 Qc5 22. Rh3 Nf4 23. Rg3 Rd5 24. Qc1 Ng6 25. b4 Qa7 26. Bb3 Re5 
27. c4 f4 28. Rh3 e3 29. fe3 Re3 30. Rhe3 Bd4 31. Nc2 bc4 32. Nd4 fe3 
33. Qc4 Ne5 34. Qd5 Rc8 35. Qe4 e2 36. Re2 Rc1+ 37. Kf2 h5 38. h3 Qb6 
39. Qe3 Rh1 40. Rc2 Kh7 41. Rc8 f5 42. Rh8+ 
1-0

[Event "34th Chess Olympiad (men)"]
[Site "Istanbul"]
[Date "2000.10.30"]
[Round "3.37.1"]
[White "Al-Modiahki, Mohamad"]
[Black "Alvarez, Johan"]
[WhiteElo "2499"]
[BlackElo "2317"]
[WhiteCountry "QAT"]
[BlackCountry "VEN"]
[Result "0-1"]

1. e4 c5 2. Nc3 d6 3. f4 Nc6 4. Nf3 g6 5. Bc4 Bg7 6. O-O Nf6 7. d3 O-O 
8. Bb3 Nd4 9. Nxd4 cxd4 10. Ne2 Nd7 11. Qe1 Nc5 12. Qf2 Qb6 13. f5 Nxb3 
14. axb3 d5 15. Bg5 dxe4 16. dxe4 f6 17. Bh4 e5 18. fxe6ep Qxe6 19. Nxd4 Qxe4 
20. Rfe1 Qd5 21. c4 Qc5 22. Nb5 Qxf2+ 23. Bxf2 Bd7 24. Nc7 Rab8 25. Bxa7 Rbd8 
26. Bb6 Bc6 27. Ne6 Rd2 28. Nxf8 Rxg2+ 29. Kf1 Bxf8 30. Re2 Rg4 31. Ra8 Kf7 
32. Rc8 g5 33. Rf2 Bd6 34. Bc7 Bc5 35. Bg3 Bxf2 36. Kxf2 h5 37. h3 Re4 
38. Rc7+ Kg6 39. b4 Rxc4 40. b5 Bd5 41. Rd7 Rc5 42. b6 Bc6 43. Rd6 h4 
0-1

[Event "34th Chess Olympiad (men)"]
[Site "Istanbul"]
[Date "2000.10.30"]
[Round "3.37.2"]
[White "Gallegos, Carlos"]
[Black "Al-Sayed, Mohammed"]
[WhiteElo "2000"]
[BlackElo "2370"]
[WhiteCountry "VEN"]
[BlackCountry "QAT"]
[Result "0-1"]

1. e4 c5 2. Nf3 g6 3. c3 Bg7 4. Be2 Nf6 5. d3 Nc6 6. O-O Qc7 7. Re1 d5 
8. Nbd2 O-O 9. Bf1 dxe4 10. dxe4 Rd8 11. Qc2 a6 12. Nb3 b6 13. h3 Nd7 
14. Bg5 Nde5 15. Nh2 c4 16. Nc1 b5 17. Be3 Bb7 18. f4 Nd7 19. e5 e6 20. Qf2 Ne7 
21. Ne2 Nf5 22. Nd4 Nxe3 23. Rxe3 Nb6 24. h4 Nd5 25. Rh3 h5 26. g4 Bh6 
27. Rf3 Kh7 28. Re1 Rh8 29. a3 hxg4 30. Nxg4 Bg7 31. Bg2 Kg8 32. Rh3 Kf8 
33. Qg3 Ke7 34. Nf3 Kd7 35. Ng5 Kc8 36. Nf2 Bf8 37. Nfe4 a5 38. Qf2 Ra6 
39. Kh1 Kb8 40. Ra1 a4 41. Re1 Ba8 42. Re2 Qa7 43. Qg3 Rc6 44. Bf3 Rc7 
45. h5 gxh5 46. Bxh5 f5 47. exf6ep Nxf6 48. Bf3 Nxe4 49. Bxe4 Rxh3+ 
50. Qxh3 Rd7 51. Kg2 Rd1 52. Nf3 Qg7+ 53. Qg3 Qh8 54. Qh3 Qg7+ 55. Qg3 Qh6 
56. Qh3 Bxe4 57. Rxe4 Qg6+ 58. Ng5 Rd2+ 59. Kf1 Rxb2 60. Qe3 e5 61. fxe5 Rb1+ 
62. Ke2 Bh6 63. Rg4 Qc6 64. e6 Rb2+ 65. Kd1 Bxg5 66. Rxg5 Qh1+ 67. Rg1 Rb1+ 
68. Kc2 Qh7+ 69. Kd2 Rb2+ 70. Kd1 Qc2+ 
0-1

[Event "34th Chess Olympiad (men)"]
[Site "Istanbul"]
[Date "2000.10.30"]
[Round "3.37.3"]
[White "Nezad, Husein Aziz"]
[Black "Ostos, Julio"]
[WhiteElo "2066"]
[BlackElo "2344"]
[WhiteCountry "QAT"]
[BlackCountry "VEN"]
[Result "1/2-1/2"]

1. e4 e6 2. d4 d5 3. Nd2 Nf6 4. e5 Nfd7 5. Bd3 c5 6. c3 Nc6 7. Ne2 Qb6 
8. Nf3 cxd4 9. cxd4 f6 10. exf6 Nxf6 11. O-O Bd6 12. Nc3 O-O 13. Be3 a6 
14. a3 Qc7 15. Rc1 Bd7 16. h3 Rae8 17. Re1 Qb8 18. Bb1 Re7 19. Na4 Qe8 
20. Nc5 Bc8 21. Nd3 Ne4 22. Nde5 Bd7 23. Nxc6 Bxc6 24. Ne5 Ba4 25. Qg4 Nf6 
26. Qe2 Bb5 27. Qd1 Qh5 28. Qxh5 Nxh5 29. g3 Rc7 30. Rxc7 Bxc7 31. Rc1 Bb6 
32. b3 Rd8 33. a4 Bd7 34. Nxd7 Rxd7 35. Rc8+ Rd8 36. Rxd8+ Bxd8 37. Kg2 Bb6 
38. f4 g6 39. Kf3 Kf7 40. Bd3 Nf6 41. b4 Ne8 42. g4 Nd6 43. Bf2 Bd8 44. Bg3 b5 
45. f5 Nc4 46. fxg6+ hxg6 47. axb5 axb5 48. h4 Bf6 49. Bxc4 dxc4 50. Ke4 Be7 
51. Be1 Kg7 52. h5 gxh5 53. gxh5 Kf6 54. Bd2 Bf8 55. d5 exd5+ 
1/2-1/2

[Event "34th Chess Olympiad (men)"]
[Site "Istanbul"]
[Date "2000.10.30"]
[Round "3.37.4"]
[White "Blanco, Cristobal J"]
[Black "Al-Haddad, Hussein"]
[WhiteElo "2185"]
[BlackElo "2000"]
[WhiteCountry "VEN"]
[BlackCountry "QAT"]
[Result "1-0"]

1. e4 c6 2. Nc3 d5 3. Nf3 Bg4 4. h3 Bh5 5. exd5 cxd5 6. g4 Bg6 7. Bb5+ Nc6 
8. Ne5 Rc8 9. d4 e6 10. h4 f6 11. Nxg6 hxg6 12. a3 Bd6 13. Qe2 Kf7 14. Be3 Qa5 
15. Kf1 Nge7 16. Re1 a6 17. Bd3 Qc7 18. Qf3 Na5 19. Bc1 Nc4 20. Rh3 b5 
21. Qe2 Qd7 22. f4 Nc6 23. Qf2 b4 24. f5 gxf5 25. gxf5 e5 26. Nxd5 Nxd4 
27. axb4 Qa4 28. b3 Nxb3 29. Bxc4 Rxc4 30. cxb3 Qb5 31. bxc4 Qxc4+ 
32. Kg2 Qxd5+ 33. Qf3 Qxf3+ 34. Kxf3 Bxb4 35. Re3 Rd8 36. Ba3 Bd2 37. Re4 Rd3+ 
38. Kg2 Rd5 39. Rb3 Bf4 40. Rc4 Rd2+ 41. Kf1 Rd7 42. Rbc3 Kg8 43. Rc7 Rd4 
44. Rb7 Bh6 45. Bf8 Rxh4 46. Rcc7 Rg4 47. Ba3 Rf4+ 48. Ke2 Rxf5 49. Bc1 Kh7 
50. Bxh6 Kxh6 51. Rxg7 Rf4 52. Rg1 a5 53. Rb8 Kh7 54. Rb3 Rh4 55. Rf3 Rh6 
56. Ra3 Rg6 57. Rxg6 Kxg6 58. Rxa5 Kg5 59. Ke3 Kf5 60. Ra6 Kg5 61. Ke4 Kg6 
62. Ra1 Kf7 63. Kf5 e4 64. Kxe4 
1-0

[Event "34th Chess Olympiad (men)"]
[Site "Istanbul"]
[Date "2000.10.30"]
[Round "3.38.2"]
[White "Khatib, Kamel"]
[Black "Valenzuela, Luis"]
[WhiteElo "2000"]
[BlackElo "2426"]
[WhiteCountry "SYR"]
[BlackCountry "CHI"]
[Result "0-1"]

1. d4 Nf6 2. c4 g6 3. Nc3 d5 4. Nf3 Bg7 5. Qa4+ c6 6. cxd5 Nxd5 7. e4 Nxc3 
8. bxc3 O-O 9. h3 c5 10. Be3 Nc6 11. Be2 Bd7 12. Qa3 Na5 13. O-O cxd4 
14. cxd4 Re8 15. Rac1 b5 16. Nd2 e6 17. d5 a6 18. Bb6 Nb7 19. Nb3 exd5 
20. exd5 a5 21. Bf3 a4 22. Nd4 Ra6 23. Rc6 Bxc6 24. dxc6 Rxb6 25. c7 Nd6 
26. Nc6 Nc8 27. Be4 Qd5 28. Bxd5 b4 29. Nd8 Kf8 30. Bxf7 
0-1

[Event "34th Chess Olympiad (men)"]
[Site "Istanbul"]
[Date "2000.10.30"]
[Round "3.38.4"]
[White "Al-Baba, Izate"]
[Black "Abarca, Manuel"]
[WhiteElo "2000"]
[BlackElo "2000"]
[WhiteCountry "SYR"]
[BlackCountry "CHI"]
[Result "0-1"]

1. c4 e6 2. Nf3 Nf6 3. g3 b6 4. Bg2 Bb7 5. O-O c5 6. d4 cd4 7. Qd4 Nc6 
8. Qf4 Be7 9. Nc3 O-O 10. Rd1 Qc8 11. e4 d6 12. b3 Nb4 13. Bb2 Na6 14. e5 de5 
15. Ne5 Bg2 16. Kg2 Qb7+ 17. Qf3 Qf3+ 18. Kf3 Rfc8 19. Nb5 Nc5 20. Rd4 Ne8 
21. Ke2 a6 22. Nc3 f6 23. Nd7 Nd7 24. Rd7 Rc7 25. Rad1 Raa7 26. Rc7 Rc7 
27. f4 Kf7 28. g4 Bb4 29. Ne4 Be7 30. f5 ef5 31. gf5 b5 32. Rd4 bc4 33. bc4 g6 
34. Kd3 gf5 35. Nc3 Bd6 36. Rh4 Kg6 37. Nd5 Rb7 38. Bc1 h5 39. c5 Bc5 
40. Nf4+ Kf7 41. Rh5 Ng7 42. Rh8 Bd6 43. Ne2 Rd7 44. Kc2 Rc7+ 45. Kd3 Ne6 
46. Rh7+ Kg6 47. Rh6+ Kg7 48. Rh4 Be5 49. Bh6+ Kg6 50. Be3 Rh7 51. Rh7 Kh7 
52. Bg1 Kg6 53. Kc4 f4 54. Kd5 f3 55. Nc1 Nf4+ 56. Ke4 Nh3 
0-1

[Event "34th Chess Olympiad (men)"]
[Site "Istanbul"]
[Date "2000.10.30"]
[Round "3.39.1"]
[White "David, Alberto"]
[Black "Kastanieda, Georgiy"]
[WhiteElo "2487"]
[BlackElo "2457"]
[WhiteCountry "LUX"]
[BlackCountry "PER"]
[Result "1-0"]

1. e4 d6 2. d4 Nf6 3. Nc3 g6 4. f4 Bg7 5. Nf3 O-O 6. a3 Nbd7 7. e5 Ne8 
8. Be3 b6 9. h4 c5 10. h5 Nc7 11. hxg6 hxg6 12. Qd2 Bb7 13. Qf2 Re8 
14. O-O-O Qc8 15. d5 Nf8 16. Qh4 b5 17. f5 gxf5 18. Bh6 Ng6 19. Qh5 dxe5 
20. Bxg7 Kxg7 21. Qh6+ Kf6 22. g4 e6 23. d6 fxg4 24. Ng5 
1-0

[Event "34th Chess Olympiad (men)"]
[Site "Istanbul"]
[Date "2000.10.30"]
[Round "3.39.3"]
[White "Wagener, Claude"]
[Black "Cruz, Filemon"]
[WhiteElo "2210"]
[BlackElo "2360"]
[WhiteCountry "LUX"]
[BlackCountry "PER"]
[Result "1-0"]

1. e4 c5 2. Nf3 d6 3. d4 cxd4 4. Nxd4 Nf6 5. Nc3 g6 6. Be3 Bg7 7. f3 O-O 
8. Qd2 Nc6 9. O-O-O d5 10. exd5 Nxd5 11. Nxc6 bxc6 12. Nxd5 cxd5 13. Qxd5 Rb8 
14. b3 Qc7 15. Qc5 Qb7 16. Bd3 Be6 17. Be4 Qa6 18. Qxa7 Qb5 19. Bd4 Qg5+ 
20. Kb1 Bxd4 21. Qxd4 Qxg2 22. h4 Rbd8 23. Qg1 Rxd1+ 24. Qxd1 Qg3 25. h5 Qe5 
26. hxg6 fxg6 27. Re1 Qf6 28. a4 Kg7 29. Qe2 Rd8 30. Rd1 Rb8 31. Qd3 h5 
32. a5 Rc8 33. a6 Rc5 34. Qd4 Ra5 35. Qxf6+ Kxf6 36. Bb7 h4 37. Kb2 h3 
38. c4 Kf5 39. b4 Rxa6 40. Bxa6 Kf4 41. c5 
1-0

[Event "34th Chess Olympiad (men)"]
[Site "Istanbul"]
[Date "2000.10.30"]
[Round "3.39.4"]
[White "Esplana, Christian"]
[Black "Brittner, Serge"]
[WhiteElo "2239"]
[BlackElo "2000"]
[WhiteCountry "PER"]
[BlackCountry "LUX"]
[Result "1/2-1/2"]

1. e4 e6 2. d4 d5 3. Nc3 Bb4 4. e5 c5 5. a3 Ba5 6. b4 cxd4 7. Qg4 Ne7 
8. Nb5 Bc7 9. Nf3 a6 10. Nbxd4 Ng6 11. h4 O-O 12. Bd3 f5 13. Qg3 Nc6 
14. Nxc6 bxc6 15. Bb2 a5 16. h5 Ne7 17. O-O Qe8 18. h6 Qg6 19. hxg7 Rf7 
20. Qf4 Rxg7 21. g3 Qh5 22. Kg2 Ng6 23. Qd4 Qg4 24. Qxg4 fxg4 25. Nd2 Bxe5 
26. Bxe5 Nxe5 27. Nb3 Nxd3 28. cxd3 axb4 29. axb4 Rga7 30. Rac1 Rb7 
31. Rxc6 Rxb4 32. Nc5 e5 33. Re1 e4 34. dxe4 dxe4 35. Rxe4 Rxe4 36. Nxe4 Bb7 
37. Rc4 Ra2 38. Rb4 Bc6 39. Kf1 Ra1+ 40. Ke2 Ra2+ 41. Ke3 Ra3+ 
1/2-1/2